[Event "ROM-ch U10 Girls"]
[Site "Calimanesti Caciulata"]
[Date "2019.04.22"]
[Round "9.7"]
[White "State Ungureanu, Elena Anastasia"]
[Black "Preda, Maria C"]
[Result "1-0"]
[WhiteElo "1077"]
[BlackElo "1017"]
[PlyCount "87"]
[EventDate "2019.04.15"]
[EventType "swiss"]
[EventRounds "9"]
[EventCountry "ROU"]
[SourceTitle "EXT 2024"]
[Source "ChessBase"]
[SourceDate "2023.10.10"]
[SourceVersion "1"]
[SourceVersionDate "2023.10.10"]
[SourceQuality "1"]

1. e4 e5 2. Nf3 Nc6 3. Bb5 d6 4. d4 a6 5. Bxc6+ bxc6 6. dxe5 Qe7 7. Qd4 g6 8. exd6 Qf6 9. Qxf6 Nxf6 10. dxc7 Nxe4 11. 0-0 Nf6 12. Bg5 Be7 13. Re1 Be6 14. Nc3 0-0 15. Bxf6 Bxf6 16. Ne5 c5 17. Rad1 Ra7 18. Nd7 Bxd7 19. Rxd7 Bxc3 20. bxc3 Raa8 21. h3 Rac8 22. Re5 c4 23. Rc5 Rfe8 24. Rxc4 Kf8 25. Rf4 a5 26. Rfxf7+ Kg8 27. Rg7+ Kh8 28. Rxh7+ Kg8 29. Rhg7+ Kh8 30. Rxg6 a4 31. Ra6 a3 32. Rxa3 Kg8 33. Ra5 Kf8 34. Rf5+ Kg8 35. h4 Kh8 36. h5 Kg8 37. h6 Kh8 38. g4 Kg8 39. g5 Kh8 40. g6 Kg8 41. Rff7 Kh8 42. Rh7+ Kg8 43. Rdg7+ Kf8 44. Rh8# 1-0

[Event "ROM-ch U10 Girls"]
[Site "Calimanesti Caciulata"]
[Date "2019.04.17"]
[Round "4.10"]
[White "Criveanu, Ilinca"]
[Black "State Ungureanu, Elena Anastasia"]
[Result "0-1"]
[WhiteElo "1117"]
[BlackElo "1077"]
[PlyCount "134"]
[EventDate "2019.04.15"]
[EventType "swiss"]
[EventRounds "9"]
[EventCountry "ROU"]
[SourceTitle "EXT 2024"]
[Source "ChessBase"]
[SourceDate "2023.10.10"]
[SourceVersion "1"]
[SourceVersionDate "2023.10.10"]
[SourceQuality "1"]

1. e4 e5 2. Nf3 Nc6 3. Bc4 Bc5 4. b4 Bxb4 5. c3 Bc5 6. d4 exd4 7. 0-0 Nf6 8. Re1 0-0 9. cxd4 Bb4 10. Bd2 Bxd2 11. Qxd2 d6 12. Nc3 Bg4 13. Qe3 Bxf3 14. Qxf3 Nxd4 15. Qd3 c5 16. Rab1 b6 17. Nb5 Nxb5 18. Bxb5 Qc7 19. Qg3 a6 20. Bd3 Rfe8 21. Bc2 Rad8 22. Rb3 Qc6 23. Rbe3 Qd7 24. Rf3 Qg4 25. Qxg4 Nxg4 26. Bb3 d5 27. Rf4 c4 28. Rxg4 cxb3 29. axb3 dxe4 30. h3 f5 31. Rf4 g6 32. Rc1 Rd3 33. b4 Rd4 34. Rb1 Rc8 35. g4 fxg4 36. hxg4 Rcc4 37. g5 Rxb4 38. Rc1 Rbc4 39. Re1 b5 40. f3 Rd5 41. fxe4 Rxg5+ 42. Kf1 Rgc5 43. e5 Rxf4+ 44. Kg2 Rc7 45. e6 Re7 46. Kg3 Rf6 47. Rd1 Rexe6 48. Rd7 Rf5 49. Kg4 Re4+ 50. Kg3 h5 51. Kh3 Rg4 52. Rd8+ Kh7 53. Rd7+ Kh6 54. Rd8 Rf3+ 55. Kh2 h4 56. Rd2 Rgf4 57. Rg2 h3 58. Re2 Rf2+ 59. Rxf2 Rxf2+ 60. Kxh3 Rf4 61. Kg2 Kg5 62. Kh3 Rg4 63. Kh2 Kf4 64. Kh3 Kf3 65. Kh2 Rg5 66. Kh1 Kf2 67. Kh2 Rh5# 0-1

[Event "ROM-ch U08 Girls"]
[Site "Baile Felix"]
[Date "2017.02.07"]
[Round "7"]
[White "State Ungureanu, Elena Anastasia"]
[Black "Sida, Flavia Maria"]
[Result "0-1"]
[WhiteElo "1012"]
[BlackElo "1199"]
[PlyCount "132"]
[EventDate "2017.02.02"]
[EventType "swiss"]
[EventRounds "9"]
[EventCountry "ROU"]
[SourceTitle "CBM 176 Extra"]
[Source "ChessBase"]
[SourceDate "2017.03.02"]
[SourceVersion "1"]
[SourceVersionDate "2017.03.02"]
[SourceQuality "1"]

1. e4 e5 2. Nf3 Nc6 3. Bc4 Bc5 4. Nc3 Nf6 5. 0-0 d6 6. d3 Be6 7. Bxe6 fxe6 8. Be3 Bb6 9. Bxb6 axb6 10. Ng5 Qe7 11. Nb5 0-0 12. Nxe6 Qxe6 13. Nxc7 Qg4 14. Qxg4 Nxg4 15. Nxa8 Rxa8 16. h3 Nf6 17. Rfd1 Nd4 18. c4 Ne2+ 19. Kf1 Nd4 20. Rac1 Rxa2 21. Rd2 Nb3 22. Rcc2 Nxd2+ 23. Rxd2 Nd7 24. d4 Ra4 25. b3 Rb4 26. Rd3 exd4 27. Rxd4 Rxb3 28. Rxd6 Nc5 29. e5 Kf7 30. g4 Rxh3 31. Rxb6 Rh4 32. f3 Rh6 33. Rb5 Rc6 34. Ke2 Nd7 35. Rxb7 Ke6 36. f4 Rxc4 37. f5+ Kxe5 38. Rxd7 Rxg4 39. Rf7 g6 40. fxg6 hxg6 41. Kf3 Rg5 42. Ra7 Rf5+ 43. Kg4 Kf6 44. Ra6+ Kg7 45. Ra7+ Kh6 46. Ra6 Kg7 47. Ra7+ Kh6 48. Ra6 Rg5+ 49. Kf4 Kh5 50. Ra1 Rf5+ 51. Kg3 Kg5 52. Rg1 Kf6 53. Kh4 Rh5+ 54. Kg3 Rg5+ 55. Kf2 Rxg1 56. Kxg1 Kg5 57. Kg2 Kg4 58. Kg1 Kf3 59. Kf1 g5 60. Kg1 g4 61. Kf1 g3 62. Kg1 g2 63. Kh2 Kf2 64. Kh3 g1Q 65. Kh4 Qg6 66. Kh3 Qg3# 0-1

[Event "ROM-ch U08 Girls"]
[Site "Baile Felix"]
[Date "2017.02.05"]
[Round "4"]
[White "State Ungureanu, Elena Anastasia"]
[Black "Darie, Cleopatra Iuliana"]
[Result "0-1"]
[WhiteElo "1012"]
[BlackElo "1051"]
[PlyCount "60"]
[EventDate "2017.02.02"]
[EventType "swiss"]
[EventRounds "9"]
[EventCountry "ROU"]
[SourceTitle "CBM 176 Extra"]
[Source "ChessBase"]
[SourceDate "2017.03.02"]
[SourceVersion "1"]
[SourceVersionDate "2017.03.02"]
[SourceQuality "1"]

1. e4 e5 2. Nf3 Nf6 3. Bc4 Be7 4. d4 d6 5. 0-0 Nc6 6. Nc3 0-0 7. d5 Na5 8. Bb3 Nxb3 9. cxb3 Bg4 10. Be3 h6 11. Rc1 Nh7 12. h3 Bd7 13. b4 Ng5 14. a4 f5 15. Nxg5 Bxg5 16. Bxg5 Qxg5 17. Re1 fxe4 18. Nxe4 Qg6 19. Rxc7 Bxh3 20. Ng3 Bf5 21. Nxf5 Rxf5 22. Qd3 Raf8 23. Rxb7 Qg4 24. Rxa7 Rxf2 25. Qh3 Qg5 26. b5 Rxb2 27. Rb7 Qd2 28. Qg3 g5 29. Qf2 Qxf2+ 30. Kh2 Qxg2# 0-1